| 000 | 00666nam a2200181Ia 4500 | ||
|---|---|---|---|
| 003 | LK-CoDNM | ||
| 008 | 010623t2005 xxu||||| |||| 00| 1 sin d | ||
| 040 |
_aLK-CoDNM _dLK-CoDNM _eLK-CoDNM |
||
| 041 | _asin | ||
| 080 |
_a07 _bHAP |
||
| 100 | _aHemapala,Nuwaraeliye. | ||
| 245 | _aමුද්රිත සන්නිවේදනයේ සම්භවය සහ ප්රථම සිංහල මුද්රිත පොත | ||
| 246 | _aMudritha Sannivedanaye Sambawaya saha Prathama Sinhala Mudritha Potha | ||
| 260 |
_bWijesooriya Granta Kendraya _aMulleriyawa _c2005 |
||
| 300 | _bviii,101p., 21 cm | ||
| 650 | _aBook Publishing | ||
| 942 | _cBK | ||
| 999 |
_c125000 _d125000 |
||